| 000 | 00491nam a22001457a 4500 | ||
|---|---|---|---|
| 005 | 20260311161206.0 | ||
| 008 | 260311b |||||||| |||| 00| 0 eng d | ||
| 050 |
_aTHE HD 69 .N484 2019 _b1 |
||
| 100 | _aWAMBUI NJIGUA GRACE | ||
| 245 | _aROLE OF MEDIA IN ENHANCING BRAND IMAGE THROUGH CORPORATE SOCIAL RESPONSIBILITY;CASE OF NATION TELEVISION NETWORK AND SAFARICOM IN NAIROBI | ||
| 260 |
_aKISII _bKSU _c2019 |
||
| 300 | _aXII,65P;ILL | ||
| 500 | _aINCLUDES REFERENCES | ||
| 942 |
_2lcc _cREF |
||
| 999 |
_c216833 _d216833 |
||